Buď, prosím tě, zticha (a jiné povídky) /

Hlavní autor: Carver, Raymond, 1938-1988
Další autoři: Hrubý, Jiří, 1957-
Jazyk: Čeština
Vydáno: Praha : Argo, 1996
Vydání: 1. vyd.
Edice: AAA (Argo) ;
Témata:
Fyzický popis: 233 s. ; 21 cm
Knihy
Uloženo v:
LEADER 01110nam a2200337 a 4500
001 000065550
003 CZ BrMZK
005 20210531141727.0
007 ta
008 950313s1996 xr g 000 j cze
015 |a cnb000137674 
020 |a 80-7203-000-0 
040 |a BOA001  |b cze 
041 1 |a cze  |h eng 
072 7 |a 821.111(73)-3  |x Americká próza  |2 Konspekt  |9 25 
080 |a 821.111(73)-32  |2 MRF 
080 |a (0:82-32)  |2 MRF 
080 |a (082.21)  |2 MRF 
100 1 |a Carver, Raymond,  |d 1938-1988  |7 jo20010090072  |4 aut 
245 1 0 |a Buď, prosím tě, zticha (a jiné povídky) /  |c Raymond Carver ; [z angličtiny uspořádal a přeložil Jiří Hrubý] 
250 |a 1. vyd. 
260 |a Praha :  |b Argo,  |c 1996 
300 |a 233 s. ;  |c 21 cm 
490 1 |a AAA ;  |v sv. 13 
655 7 |a americké povídky  |7 fd131793  |2 czenas 
655 7 |a výbory  |7 fd133853  |2 czenas 
700 1 |a Hrubý, Jiří,  |d 1957-  |7 jo20010090074 
830 0 |a AAA (Argo) ;  |0 s 
910 |a BOA001  |b 2-1019.326 
990 |a BK 
996 6 |b 2610035499  |c 2-1019.326  |l MZK  |r Sklad / do 1 hodiny  |n 20  |p p.v.  |w 000065550  |u 000020  |a 1  |e BOA001  |j MZK50  |s P